EVALUACIÓN DEL POTENCIAL FORRAJERO DEL MAÍZ (zea mays), UTILIZANDO TRES MATERIALES CRIOLLOS Y UNA VARIEDAD HÍBRIDA COMERCIAL, BAJO LAS CONDICIONES DE LA GRANJA EXPERIMENTAL DE LA CARRERA DE ZOOTECNIA COBÁN, ALTA VERAPAZ./ (Registro nro. 2279)
[ vista simple ]
| 000 -LEADER | |
|---|---|
| campo de control de longitud fija | 04235nam a22003257a 4500 |
| 001 - NÚMERO DE CONTROL | |
| campo de control | TZ 0039 |
| 003 - IDENTIFICADOR DE NÚMERO DE CONTROL | |
| campo de control | gtcocun |
| 005 - FECHA Y HORA DE LA ÚLTIMA TRANSACCIÓN | |
| campo de control | 20251007193226.0 |
| 006 - CÓDIGOS DE INFORMACIÓN DE LONGITUD FIJA--CARACTERÍSTICAS DEL MATERIAL ADICIONAL | |
| campo de control de longitud fija | a||||gr|||| 00| 0 |
| 007 - CAMPO FIJO DE DESCRIPCIÓN FÍSICA--INFORMACIÓN GENERAL | |
| campo de control de longitud fija | ta |
| 008 - DATOS DE LONGITUD FIJA--INFORMACIÓN GENERAL | |
| campo de control de longitud fija | 251007b2010 gt ||||| m||| 00| 0 eng d |
| 040 ## - FUENTE DE CATALOGACIÓN | |
| Centro catalogador/agencia de origen | gtcocun |
| Lengua de catalogación | SPA |
| Centro/agencia transcriptor | gtcocun |
| Normas de descripción | RDA |
| 041 ## - CÓDIGO DE IDIOMA | |
| Código de lengua del texto/banda sonora o título independiente | SPA TZ 0039 |
| 084 ## - OTRO NÚMERO DE CLASIFICACIÓN | |
| Número de control del registro de autoridad o número normalizado | TZ 0039 |
| 100 ## - ENTRADA PRINCIPAL--NOMBRE DE PERSONA | |
| Nombre de persona | Alvarado Ax, Miguel Alejo |
| Término indicativo de función/relación | Autor |
| 245 ## - MENCIÓN DEL TÍTULO | |
| Título | EVALUACIÓN DEL POTENCIAL FORRAJERO DEL MAÍZ (zea mays), UTILIZANDO TRES MATERIALES CRIOLLOS Y UNA VARIEDAD HÍBRIDA COMERCIAL, BAJO LAS CONDICIONES DE LA GRANJA EXPERIMENTAL DE LA CARRERA DE ZOOTECNIA COBÁN, ALTA VERAPAZ./ |
| Mención de responsabilidad, etc. | Miguel Alejo Alvarado Ax. |
| Medio | Impreso |
| 264 ## - PRODUCCIÓN, PUBLICACIÓN, DISTRIBUCIÓN, FABRICACIÓN Y COPYRIGHT | |
| Producción, publicación, distribución, fabricación y copyright | Cobán, Alta Verapaz: |
| Nombre del de productor, editor, distribuidor, fabricante | Universidad de San Carlos de Guatemala, Centro Universitario del Norte, Zootecnia |
| Fecha de producción, publicación, distribución, fabricación o copyright | 2010 |
| 300 ## - DESCRIPCIÓN FÍSICA | |
| Extensión | 34 p.: |
| Otras características físicas | Ilustraciones, gráficas. |
| Dimensiones | 28 cm; |
| 336 ## - TIPO DE CONTENIDO | |
| Fuente | rdacontenido |
| Término de tipo de contenido | Texto |
| Código de tipo de contenido | txt |
| 337 ## - TIPO DE MEDIO | |
| Fuente | rdamedio |
| Nombre/término del tipo de medio | Computadora |
| Código del tipo de medio | n |
| 338 ## - TIPO DE SOPORTE | |
| Fuente | rdasoporte |
| Nombre/término del tipo de soporte | Código en línea |
| Código del tipo de soporte | cr |
| 502 ## - NOTA DE TESIS | |
| identificador de la tesis | TZ 0039 |
| 502 ## - NOTA DE TESIS | |
| Nota de tesis | Tesis de grado |
| Tipo de título | Zootecnia, |
| Nombre de la institución que otorga el título | Universidad de San Carlos de Guatemala, Centro Universitario del Norte, Zootecnia |
| Año de obtención del título | 2010 |
| Identificador de la tesis | TZ 0039 |
| 520 14 - RESUMEN, ETC. | |
| Sumario, etc. | La presente investigación se realizó en la granja experimental de la carrera de Zootecnia del Centro Universitario del Norte; Universidad de San Carlos de Guatemala, ubicada en el municipio de Cobán, departamento de Alta Verapaz;<br/>con el objetivo de evaluar el potencial forrajero de tres materiales criollos de maíz<br/>(Zea mays), comparándolas con una variedad comercial de la misma especie.<br/><br/>Para la realización del experimento se requirió de un área de 217.5 metros cuadrados, donde se utilizaron tres materiales criollos: Kok ́hal (maíz negro) que fue el tratamiento número uno; Chaklich (maíz blanco), tratamiento dos; Q ́an hal (maíz amarillo) tratamiento tres y una variedad híbrida HS-8 como testigo,<br/>distribuidos en cuatro tratamientos y tres repeticiones por tratamiento, empleando<br/>un diseño estadístico de bloques al azar. Los resultados obtenidos fueron<br/>sometidos a un análisis de varianza (ANDEVA), con la finalidad de determinar si<br/>existen diferencias significativas entre los tratamientos.<br/><br/>Las variables evaluadas fueron la producción de biomasa, comportamiento productivo, los costos directos de producción de cada tratamiento, porcentaje proteína cruda, además se efectuó una descripción de las características fenológicas de cada material criollo.<br/><br/>El periodo de cultivo tuvo una duración de 84 días, durante el cual se realizaron labores culturales, se tomaron datos durante el desarrollo de las plantas hasta la cosecha para obtener las características productivas y<br/>fenológicas, luego se procedió a realizar el análisis de cada material criollo y el<br/>testigo.<br/><br/>De a cuerdo con la hipótesis no hubo diferencias significativas entre las<br/>variables de estudio. Los resultados de la producción media de biomasa fueron 17.40, 22.90, 22.70, y 23.20 toneladas métricas por hectárea de los tratamientos uno, dos, tres y testigo respectivamente. Los porcentajes de<br/>proteína son: 7.58, 8.12, 8.46, y 6.87 por ciento para los tratamientos uno, dos, tres y testigo.<br/><br/>En cuanto a lo que se refiere a producción, el tratamiento uno fue el más precoz en lo que respecta al crecimiento, en contraparte con el<br/>tratamiento número tres presentó un comportamiento tardío, pero fue el que<br/>alcanzó mayor altura, los tratamientos dos y testigo son de similares condiciones fenológicas, comportamiento productivo y crecimiento.<br/><br/>Se determinaron los costos directos de producción en done se tomó en cuenta los jornales, costo de la semilla, depreciación de las herramientas y equipo, fertilización, costo de análisis de suelo y de proteína cruda, al final se tuvo un costo por tratamiento de Q.187.88; haciendo un total de Q 591.54. |
| 650 14 - PUNTO DE ACCESO ADICIONAL DE MATERIA--TÉRMINO DE MATERIA | |
| Fuente del encabezamiento o término | LEMB |
| Término de materia o nombre geográfico como elemento de entrada | Cobán, Alta Verapaz. |
| Subdivisión general | Zootecnia |
| -- | Forrajero |
| -- | Criollos |
| -- | Cultivo |
| -- | Fenológicas |
| -- | Fertilización |
| 700 ## - ENTRADA AGREGADA--NOMBRE PERSONAL | |
| Nombre de persona | Lic. Zoot. Mauricio Quiroa Roldán |
| Término indicativo de función/relación | Asesor |
| 856 ## - LOCALIZACIÓN Y ACCESO ELECTRÓNICOS | |
| Identificador Uniforme de Recurso | <a href="https://drive.google.com/file/d/1IuPuAb1_IpLrTfvOKn9E04e4E3mWKgcd/view">https://drive.google.com/file/d/1IuPuAb1_IpLrTfvOKn9E04e4E3mWKgcd/view</a> |
| Texto de enlace | |
| Nota pública | Un ejemplar en línea. |
| 942 ## - ELEMENTOS DE ENTRADA SECUNDARIOS (KOHA) | |
| Fuente de la clasificación o esquema de estantería | Clasificación Decimal Dewey |
| Tipo de ítem Koha | TESIS |
| Parte de la signatura que identifica el ejemplar (Parte del ítem) | TZ 0039 |
| Prefijo de la signatura | Clasificación |
| Suprimir en OPAC | No |
| -- | TZ_0039_000000000000000 |
| Estatus retirado | Estado de pérdida | Fuente de la clasificación o esquema de estantería | Estado de daño | No para préstamo | Colección | Biblioteca de origen | Biblioteca actual | Ubicación en estantería | Fecha de adquisición | Número de inventario | Total de préstamos | Signatura topográfica completa | Código de barras | Visto por última vez | Precio de reemplazo | Tipo de ítem Koha |
|---|---|---|---|---|---|---|---|---|---|---|---|---|---|---|---|---|
| Clasificación Decimal Dewey | tesis | BIBLIOTECA- CUNOR -JOSÉ LUIS GONZALES ROSALES | BIBLIOTECA- CUNOR -JOSÉ LUIS GONZALES ROSALES | Colección tesis | 16/09/2025 | TZ 0039 | TZ 0039 | TZ 0039 | 16/09/2025 | 16/09/2025 | TESIS |